UBT Library

ALLEN G (Record no. 59405)

000 -LEADER
fixed length control field 00303nam a22001457a 4500
008 - FIXED-LENGTH DATA ELEMENTS--GENERAL INFORMATION
fixed length control field 230321b ||||| |||| 00| 0 eng d
020 ## - INTERNATIONAL STANDARD BOOK NUMBER
International Standard Book Number 0060933763
041 ## - LANGUAGE CODE
Language code of text/sound track or separate title eng
080 ## - UNIVERSAL DECIMAL CLASSIFICATION NUMBER
Universal Decimal Classification number 781
082 ## - DEWEY DECIMAL CLASSIFICATION NUMBER
Classification number 781GIN
100 ## - Rafti
Rafti 20
101 ## - Shkurtesa
Shkurtesa MUZIK
245 ## - TITLE STATEMENT
Title ALLEN G
Statement of responsibility, etc SELECTED POEMS
942 ## - ADDED ENTRY ELEMENTS (KOHA)
Source of classification or shelving scheme
Item type Books
Holdings
Withdrawn status Lost status Source of classification or shelving scheme Damaged status Not for loan Collection code Permanent location Current location Date acquired Total Checkouts Full call number Barcode Date last seen Price effective from Koha item type
          Koleksioni i përgjithshem UBT - Lipjan UBT - Lipjan 03/21/2023   781GIN 002-8002018 03/21/2023 03/21/2023 Books
          Koleksioni i përgjithshem UBT - Lipjan UBT - Lipjan 03/21/2023   781GIN 002-8002019 03/21/2023 03/21/2023 Books
UBT Library © 2015-2024. All rights reserved University Education for Business and Technology